LEADER 01057nam a2200265 i 4500 001 000000158423 003 CaOOAMICUS 005 20070207000000.0 008 070207s1970 it u000 u ita u 013 $a135786 040 $aSeMil$bita 100 1 $aWeintraub, Stanley.$0(OLS)http://semarc/name/41423 245 13$aIl prezioso perverso :$bbeardsley alle radici del Liberty /$cStanley Weintraub ; a cura di Anna Piva. 260 $aBari :$bDe Donato,$ccopyr. 1970. 300 $a369 p., [32] p. di tav. ;$c21 cm. 490 0 $aRapporti 500 $aContiene : Appendice. - Fondo Ciprandi. 700 1 $aPiva, Anna.$0(OLS)http://semarc/name/41424 830 0$aRapporti.$0(OLS)http://semarc/title/20814 850 $aSeMil 852 $aSeMil$W1$xVenegono$y1$m5L I 25$j110074$B110074$CSeMilBibl$Z2$F119702 $81 941 1 $a1 961 $aOmaggio: Ciprandi dott. Paolo 996 $6245$aIl prezioso perverso :$bbeardsley alle radici del Liberty$9(OLS)http://semarc/title/139876 996 $6260$aBari :$bDe Donato$9(OLS)http://semarc/publisher/31401 LEADER 01059nam a2200241 i 4500 001 000000247519 003 CaOOAMICUS 005 20160120000000.0 008 160120s1973 xx u000 u und u 013 $a226424 040 $aSeMil$bita 100 1 $aLenin, Vladimir Il?i?,$d<1870-1924>.$0(OLS)http://semarc/name/14277 245 13$aLa lotta socialista nella democrazia :$bDue tattiche della socialdemocrazia nella rivoluzione democratica /$cLenin. 260 $aRoma :$bDel Bosco,$c1973. 300 $a170 p. ;$c19 cm. 490 0 $aIdeologie ;$v2 650 4$aSocialdemocrazia.$0(OLS)http://semarc/subject/22747 830 0$aIdeologie ;$v2.$0(OLS)http://semarc/title/44614 850 $aSeMil 852 $aSeMil$W1$xVenegono$y1$m2P I 649$j197865$B197865$CSeMilBibl$Z2$F209152 $81 961 $aLascito: Milani don Felice 996 $6245$aLa lotta socialista nella democrazia :$bDue tattiche della socialdemocrazia nella rivoluzione democratica$9(OLS)http://semarc/title/349516 996 $6260$aRoma :$bDel Bosco$9(OLS)http://semarc/publisher/39466